| 000 | 01350cam a2200337 a 4500 | ||
|---|---|---|---|
| 001 | EDZ0000067621 | ||
| 003 | StDuBDS | ||
| 005 | 20161031105125.0 | ||
| 006 | m||||||||d|||||||| | ||
| 007 | cr ||||||||||| | ||
| 008 | 120405s2003 enk fo| 001|0|eng d | ||
| 020 |
_a9781446220467 (ebook) : _cNo price |
||
| 040 |
_aStDuBDS _beng _cStDuBDS _epn |
||
| 049 | _aAlfaisal Main Library | ||
| 050 | 0 |
_aPN4756 _b.S17 2003 |
|
| 082 | 0 | 4 |
_a174.907 _223 |
| 100 | 1 |
_aSanders, Karen, _d1961- |
|
| 245 | 1 | 0 |
_aEthics & journalism _h[electronic resource] / _cKaren Sanders. |
| 260 |
_aLondon : _bSAGE, _cc2003. |
||
| 300 | _a1 online resource (ix, 196 p.) | ||
| 504 | _aIncludes bibliographical references and index. | ||
| 520 | 8 | _aKaren Sanders examines the ethical dilemmas faced by journalists in all areas of the media and proposes several ways of achieving ethical journalism. The study is informed by interviews with top journalists and editors and includes an exhaustive bibliography. | |
| 521 | _aSpecialized. | ||
| 588 | _aDescription based on print version record. | ||
| 650 | 0 | _aJournalistic ethics. | |
| 655 | 7 |
_aElectronic books. _2local |
|
| 710 | 2 | _aSage eBooks | |
| 776 | 0 | 8 |
_iPrint version : _z9780761969679 |
| 856 | 4 | 0 | _uhttp://ezproxy.alfaisal.edu/login?url=http://sk.sagepub.com/books/ethics-and-journalism |
| 942 |
_2lcc _cEBOOKS |
||
| 999 |
_c479810 _d479810 |
||